000 00903cam a22002174a 4500
005 20250605164136.0
008 250528s ||||||||||||||||||||||||d
035 _a18769
020 _a321079167
040 _aGR-AtMCL
_bgre
_dGR-AtMCL
_eAACR2
245 1 _aAdvanced Microeconomic Theory / Second Edition
250 _a2nd
260 _c2001
300 _a546
520 _aPreface, Economic Agents, Consumer Theory, Topics in Consumer Theory, Theory of the Firm, Partial Equilibrium, General Equilibrium, Social Choice and Welfare, Strategic Behavior, Game Theory, Information Economics, Auctions and Mechanism Design, Mathematical Appendix, Sets and Mappings, Calculus and Optimization, List of Problems, Lists of Definitions, Hints and Answers, References, Index.
700 1 _aJehle Geoffrey A
_95014
700 1 _aReny Philip J
_95015
942 _cBK
999 _c4085
_d4085